000 00742 a2200217 4500
001 110356
020 _a9788467033212 (set)
041 _apor
090 _aESPANHOL 461
100 _aReal Academia Española, Asociación de Academias de la Lengua Española.
250 _a. ed.
300 _axxiii, 532 p.
697 _aSpanish language - Phonetics.
697 _aSpanish language - Pronunciation.
697 _aSpanish language - Phonology.
856 _u000019/00001977.jpg
040 _aBR-BrIDEA
_cBR-BrIDEA
245 1 0 _aNueva gramática de la lengua española fonética y fonología
_c Asociación de Academias de la Lengua Española Real Academia Española
260 _a[S.l.]
_bEspasa Libros, S.L.U.
_c2011
942 _cBK
999 _c110356
_d110356